Länderflaggen mit entferntem Blau 2 - Statistiken

Allgemein
  • Dieses Quiz wurde 181 mal gespielt
  • Das Durchschnittsergebnis liegt bei 11 aus 16
Antwortstatistiken
Bildquiz Antwort % Korrekt
Neuseeland
90%
Tschechien
88%
Seychellen
83%
Dominikanische Republik
81%
Norwegen
80%
Palau
80%
St. Lucia
79%
Marshallinseln
66%
Ruanda
65%
Sierra Leone
61%
Nauru
58%
Samoa
55%
Russland
52%
Usbekistan
52%
Salomonen
40%
Gambia
25%
Keine übereinstimmenden Quizze gefunden
Verteilung der Resultate
Anzahl Personen mit jedem Resultat
Perzentil nach korrekt beantworteten Fragen
Ihre Resultats-Entwicklung
Sie haben dieses Quiz noch nicht gespielt